Návrh štruktúry publikačného systému v štatistickom informačnom systéme bakalárska práca

Na minha lista:
Detalhes bibliográficos
Autor principal: Vitek, Róbert
Autor Corporativo: Fakulta hospodárskej informatiky EU. Katedra aplikovanej informatiky
Outros Autores: Olexa, Milan
Formato: Livro
Idioma:eslovaco
Publicado em: Bratislava 2011
Tags: Adicionar Tag
Sem tags, seja o primeiro a adicionar uma tag!

MARC

LEADER 00000nbm a2200000 4500
001 0141053
005 20161109111731.0
041 0 |a slo 
044 |a SK 
245 1 0 |a Návrh štruktúry publikačného systému v štatistickom informačnom systéme  |b bakalárska práca  |c Róbert Vitek ; školiteľ: Milan Olexa 
264 1 |a Bratislava  |c 2011 
300 |a 47 s. 
100 1 |a Vitek, Róbert 
700 1 |a Olexa, Milan 
710 2 |a Fakulta hospodárskej informatiky EU. Katedra aplikovanej informatiky